| 000 | 00535nam a2200181Ia 4500 | ||
|---|---|---|---|
| 999 |
_c32369 _d32369 |
||
| 003 | OSt | ||
| 005 | 20201012115730.0 | ||
| 008 | 190216s9999||||xx |||||||||||||| ||und|| | ||
| 020 | _a97893800266749 | ||
| 040 | _coclc | ||
| 082 |
_a510.71 _bRAO/M |
||
| 100 |
_aRao, G Shanker _95583 |
||
| 245 | 0 |
_aMathematical Methods / _cG Shanker Rao ; E K Reddy |
|
| 260 |
_bI.K.International Publishing, _c2011. _aNew Delhi: |
||
| 300 | _a626p | ||
| 650 | _aMathematics | ||
| 942 |
_cBK _2ddc _h510.71 _iRAO/M _k510.71 _mRAO/M |
||